| 000 | 00999nam a22002537a 4500 | ||
|---|---|---|---|
| 005 | 20170123164152.0 | ||
| 010 | _aB-095862 | ||
| 020 |
_c75.00 _a8171680061 |
||
| 035 | _aB-095862 | ||
| 037 | _aCen Lib / Ret | ||
| 040 |
_aDPL _bPN |
||
| 082 |
_a851 _bਦਰਸ਼ |
||
| 100 |
_aਦਰਸ਼ਨ ਸਿੰਘ ਅਵਾਰਾ _9279 |
||
| 245 |
_aਸਾਕੀ ਤੂ ਮੈਖਾਨਾ ਤੂ / _cਦਰਸ਼ਨ ਸਿੰਘ ਅਵਾਰਾ |
||
| 246 |
_aSaki tu maikhana tu / _bby Darshan Singh Awara |
||
| 260 |
_aਅੰਮ੍ਰਿਤਸਰ _bਲੇਕ ਸਾਹਿਤ ਪ੍ਰਕਾਸ਼ਨ _c2004 |
||
| 270 |
_a186, ਗੀ੍ਲ ਔਵੀਨਿਊ _bਅੰਮ੍ਰਿਤਸਰ |
||
| 300 |
_a120p. _c22cm(Hb) |
||
| 650 |
_aਪੰਜਾਬੀ ਸਾਹਿਤ _9127120 |
||
| 650 |
_a ਪੰਜਾਬੀ ਕਵਿਤਾਵਾਂ _9127121 |
||
| 650 |
_aPunjabi - Poetry _9127122 |
||
| 650 |
_aLiterature -- Punjabi _9127123 |
||
| 942 |
_2ddc _cPN _h851 _mਦਰਸ਼ |
||
| 999 |
_c110430 _d110430 |
||